Normal view
MARC view
- Bowen, Glenn A.
Entry Personal Name
001 - CONTROL NUMBER
- control field: 6708
003 - CONTROL NUMBER IDENTIFIER
- control field: NUST
005 - DATE AND TIME OF LATEST TRANSACTION
- control field: 20171123100810.0
008 - FIXED-LENGTH DATA ELEMENTS
- fixed length control field: 171123|| aca||aabn | a|a d
040 ## - CATALOGING SOURCE
- Original cataloging agency: NUST
- Transcribing agency: NUST
100 ## - HEADING--PERSONAL NAME
- Personal name: Bowen, Glenn A.
670 ## - SOURCE DATA FOUND
- Source citation: Work cat.: (NUST)0: Bowen, Glenn A., Reflection methods and activities for service learning :, 2007.
